សមាសភាពនៃប្រភេទសត្វបំផ្លាញនិងជំងឺសំខាន់ៗលើដំណាំថ្នាំជក់ ការបំផ្លិចបំផ្លាញរបស់វា និង វិធានការណ៍កំចាត់នៅស្ថានីយ៍ថ្នាំជក់សំរោងធំ (Record no. 41)
[ view plain ]
| 000 -LEADER | |
|---|---|
| fixed length control field | 00751nam a22001577a 4500 |
| 003 - CONTROL NUMBER IDENTIFIER | |
| control field | OSt |
| 005 - DATE AND TIME OF LATEST TRANSACTION | |
| control field | 20150905151935.0 |
| 008 - FIXED-LENGTH DATA ELEMENTS--GENERAL INFORMATION | |
| fixed length control field | 150905b xxu||||| |||| 00| 0 eng d |
| 040 ## - CATALOGING SOURCE | |
| Transcribing agency | RUA |
| 082 ## - DEWEY DECIMAL CLASSIFICATION NUMBER | |
| Classification number | AGR ហ៊ាន 1989 B001 Or.1 |
| 100 ## - MAIN ENTRY--PERSONAL NAME | |
| 9 (RLIN) | 43 |
| Personal name | ហ៊ាន វណ្ណហន |
| 245 ## - TITLE STATEMENT | |
| Title | សមាសភាពនៃប្រភេទសត្វបំផ្លាញនិងជំងឺសំខាន់ៗលើដំណាំថ្នាំជក់ ការបំផ្លិចបំផ្លាញរបស់វា និង វិធានការណ៍កំចាត់នៅស្ថានីយ៍ថ្នាំជក់សំរោងធំ |
| 260 ## - PUBLICATION, DISTRIBUTION, ETC. (IMPRINT) | |
| Place of publication, distribution, etc. | Phnom Penh |
| Name of publisher, distributor, etc. | RUA |
| Date of publication, distribution, etc. | 1989 |
| 300 ## - PHYSICAL DESCRIPTION | |
| Extent | 146p. |
| Other physical details | ill. |
| Dimensions | 29cm. |
| 942 ## - ADDED ENTRY ELEMENTS (KOHA) | |
| Source of classification or shelving scheme | |
| Koha item type | AGR |
No items available.